00858nam a2200169 a 450000100100000000500170001000800410002704000250006808200140009311101330010724502510024026000390049130000190053004900090054995201130055899900170067100002925520200930055429.0110414s1972 dr 000 0 spa d aDO-SdBNPbspacBNPHU axxxbC7481 aConferencia dictada por Gloria Stolk en la Biblioteca Nacional de Santo Domingo de GuzmáncSanto Domingod1972: abr. 2495614910aDiscurso :bpronunciado por Gloria Stolk, embajador de Venezuela, en la Fortaleza del Homenaje de la ciudad de Santo Domingo de Guzmán, el día 1o de diciembre de 1971, con motivo de conmemorarse el 150 aniversario de la Independencia Efimera. aSanto Domingo :b[s. n.],c[1972]. a6 p. ;c23 cm. aBNPD 00107-18PDaPDbPDcOId2011-04-14iLF1l0oxxx C748p29255-10r2020-06-25w2020-06-25yLFPDZNo se presta c28747d28747